home page   АИС "Историко-культурное наследие Беларуси"
  Базовый | Расширенный | Профессиональный | Словарь персоналий | Тематический словарь | По видам объектов История запросов  Заказы    Регистрация

Запись в MARC-формате

копировать MARC-запись

=LDR  00000nx\\c22001933\\45\\
=001  BY-NLB-ar85462
=005  20160330095644.0
=100  \\$a20001231arusy50\\\\\\ca0
=152  \\$apsbo
=160  \\$ae-bw
=215  \\$aКостровичи, деревня (Слонимский район)
=356  \\$aДеревня в Сеньковщинском сельсовете Слонимского района Гродненской области.
=515  \\$5w$3BY-NLB-ar85463$aКастровічы, вёска (Слонімскі раён)
=801  \2$aBY$bBY-HM0000$c20071120
=801  \0$aBY$bBY-HM0000$c20001231
=801  \1$aBY$bBY-HM0000$c20040804
=810  \\$aЕдиный реестр административно-территориальных и территориальных единиц Республики Беларусь : [электрон. ресурс : данные по состоянию на 20.11. 2007]
=810  \\$aНазвы населеных пунктаў Рэспублікі Беларусь : Гродзен. вобл. : нармат. давед. – Мн., 2004.
=999  \\$g40$t20071120

Чтобы вернуться назад, щелкните кнопку BACK на Вашем браузере